00891nam a2200157 a 450000500170000000800410001702000180005805000180007610000170009424500780011126000480018930000230023752004160026065000190067665000380069520140412111310.0001219s19uu xx 00 eng d a0-06-023350-8 aTR(PS EbCa23 aKrauss, Ruth aCarrot seed (The) /cstory by Ruth Krauss ; pictures by Crockett Johnson. a[s.l.] :bHarperCollins Publishers,c[n.d.] a1 v. (unp.) ; ill. aA little boy plants a carrot seed. He's sure it will come up. Everyone around him is sure it won't. But every day the boy pulls weeds and sprinkles the ground with water. And then, one day, the boy's dream is fulfilled, just as he kew it would be. The wonderfully unshakable confidence of the very young is quietly captured in this small but pointed story - a favorite since it was first published in 1945. aGrowing Plants aConfidence -- Juvenile Literature